| 000 | 00345nam a2200133Ia 4500 | ||
|---|---|---|---|
| 008 | 240112s1987 JAN-JUNE xx 000 0 und d | ||
| 041 | _aeng | ||
| 082 | _a615.03 | ||
| 100 | _aMODELL W. | ||
| 245 | _aCLINICAL PHARMACOLOGY & THERAPEUTICS | ||
| 260 |
_bTHE C.V.MOSBY COMPANY _c1987 JAN-JUNE |
||
| 300 |
_a712,HB _c(1-6) |
||
| 440 | _v41 | ||
| 999 |
_c1142404 _d1142404 |
||